00583nam a2200169Ia 4500001001000000003000500010008004100015010001100056040000900067082001900076111008900095245011100184260003300295300001100328650003300339710004100372Para_1222CHAP220125s1991 xx 000 0 und d a199948 cCHAP aPA 632 C6 1991 aCongreso Nacional de la Sociedad de Fitopatología (18:1991: Puebla de los Angeles) aMemorias /c por Sociedad Mexicana de Fitopatología, Universidad Popular Autónoma del Estado de Puebla aPuebla, Pue. :b la Sociedad a224 p. aFitopatología x Congresos aSociedad Mexicana de Fitopatología